000 01017nas a2200337 4500
001 BR0302926
003 BR-BrBNA
005 20231205103855.0
007 ta
008 230509b bl.|||p| |||| 00| 00por d
040 _aBR-BrBNA
_bpor
_cBiblioteca Nacional de Agricultura
041 _a(Pt)
072 _aP30; P33
100 1 _aTonietto, S.M.
100 1 _aVolcan, M.D.V.
100 1 _aTonietto, A.
100 1 _aMendez, M.E.G.
245 1 _aSolarização de um Planossolo hidromórfico eutrófico em estufa plástica no município de Capão do Leão - RS
650 _aPLANOSSOLO
650 _aMANEJO DO SOLO
650 _aAQUECIMENTO
650 _aMÉTODO
650 _aTEMPERATURA
650 _aANÁLISE COMPARATIVA
650 _aESTUFA PLÁSTICA
650 _aDOENÇA DE PLANTA
650 _aCONTROLE INTEGRADO
773 0 _tRevista Científica Rural (Brazil)
_xISSN 1413-8263
_g(2001), v. 6(2) p. 177-180
_wBR0302926
909 _a202311
_bLúcia
_c55
_dLúcia Elande
942 _2AGRIS
_n0
_cANA
999 _c175187
_d175187